Statistics for Most expensive football player by country

Click here to take the quiz!

General Stats

  • This quiz has been taken 93 times
    (50 since last reset)
  • The average score is 15 of 20

Answer Stats

CountryMarket ValuePlayer% Correct
Norway€150.00mErling Haaland
98%
France€160.00mKylian Mbappé
98%
Egypt€100.00mMohamed Salah
93%
South Korea€80.00mHeung-Min Son
91%
England€100.00mHarry Kane
89%
Belgium€100.00mRomelu Lukaku
89%
Senegal€80.00mSadio Mané
87%
Canada€70.00mAlphonso Davies
78%
Spain€80.00mPedri
78%
Brazil€100.00mVinicius Junior
76%
Morocco€70.00mAchraf Hakimi
71%
Netherlands€70.00mFrenkie de Jong / Matthijs de Ligt
71%
Scotland€65.00mAndrew Robertson
64%
Portugal€90.00mBruno Fernandes
60%
Italy€70.00mFederico Chiesa / Nicolò Barella
60%
Germany€85.00mJoshua Kimmich
58%
Argentina€70.00mLautaro Martínez
58%
Serbia€85.00mDusan Vlahovic
56%
Uruguay€65.00mFederico Valverde
56%
Slovakia€65.00mMilan Skriniar
29%

Score Distribution

Percentile by Number Answered

Percent of People with Each Score

Your Score History

You have not taken this quiz since the last reset